UM Logo

Calculus for business, economics, life sciences, and social sciences/ (Record no. 4610)

MARC details
000 -LEADER
fixed length control field 01143cam a2200313 a 4500
001 - CONTROL NUMBER
control field 12210843
005 - DATE AND TIME OF LATEST TRANSACTION
control field 20160917131503.0
008 - FIXED-LENGTH DATA ELEMENTS--GENERAL INFORMATION
fixed length control field 001025s2002 njua 001 0 eng
010 ## - LIBRARY OF CONGRESS CONTROL NUMBER
LC control number 00052846
020 ## - INTERNATIONAL STANDARD BOOK NUMBER
International Standard Book Number 0130920533
040 ## - CATALOGING SOURCE
Original cataloging agency DLC
Transcribing agency DLC
Modifying agency DLC
050 00 - LIBRARY OF CONGRESS CALL NUMBER
Classification number QA303
Item number .B2828 2002
082 00 - DEWEY DECIMAL CLASSIFICATION NUMBER
Classification number DC 515
Edition number 2002
Item number B26c
100 1# - MAIN ENTRY--PERSONAL NAME
Personal name Barnett, Raymond A.
245 10 - TITLE STATEMENT
Title Calculus for business, economics, life sciences, and social sciences/
Statement of responsibility, etc. Raymond A. Barnett, Michael R. Ziegler and Karl E. Byleen.
250 ## - EDITION STATEMENT
Edition statement 9th ed. /
260 ## - PUBLICATION, DISTRIBUTION, ETC. (IMPRINT)
Place of publication, distribution, etc. Upper Saddle River, N.J. :
Name of publisher, distributor, etc. Prentice Hall,
Date of publication, distribution, etc. c2002.
300 ## - PHYSICAL DESCRIPTION
Extent 1 v. (various pagings) :
Other physical details illustrations ;
Dimensions 26 cm.
500 ## - GENERAL NOTE
General note Includes index.
650 #0 - SUBJECT ADDED ENTRY--TOPICAL TERM
Topical term or geographic name as entry element Calculus.
650 #0 - SUBJECT ADDED ENTRY--TOPICAL TERM
Topical term or geographic name as entry element Social sciences
General subdivision Mathematics.
650 #0 - SUBJECT ADDED ENTRY--TOPICAL TERM
Topical term or geographic name as entry element Biomathematics.
700 ## - ADDED ENTRY--PERSONAL NAME
Personal name Ziegler, Michael R.
9 (RLIN) 14751
Relator term Author
700 1# - ADDED ENTRY--PERSONAL NAME
Personal name Byleen, Karl E.
365 ## - TRADE PRICE
Price amount 8500.00
Currency code Php
906 ## - LOCAL DATA ELEMENT F, LDF (RLIN)
a 7
b cbc
c orignew
d 1
e ocip
f 20
g y-gencatlg
942 ## - ADDED ENTRY ELEMENTS (KOHA)
Source of classification or shelving scheme Dewey Decimal Classification
Koha item type Circulation
Holdings
Withdrawn status Lost status Source of classification or shelving scheme Damaged status Not for loan Collection code Home library Current library Date acquired Source of acquisition Total Checkouts Full call number Barcode Date last seen Copy number Price effective from Koha item type Shelving location Date last checked out
    Dewey Decimal Classification     Circulation UM Digos College - LIC UM Digos College - LIC 08/26/2004 Purchased   DC 515 B26c 2002 17531 05/15/2025 1 09/17/2016 Circulation    
    Dewey Decimal Classification     Circulation UM Digos College - LIC UM Digos College - LIC 09/29/2007   1 DC 515 B26c 2002 19333 05/15/2025 2 09/19/2016 Circulation Book Cart 09/05/2018